|
|
|
|
| LEADER |
00916nam a22002417a 4500 |
| 001 |
AAL5019 |
| 003 |
BD-DhAAL |
| 005 |
20160123203847.0 |
| 008 |
160123m20022001ir ||||| |||| 00| 0 eng d |
| 040 |
|
|
|a BD-DhAAL
|c BD-DhAAL
|
| 082 |
|
|
|a 491.55/32
|
| 100 |
|
|
|a Haghshenas, Ali Mohammad
|9 17531
|
| 245 |
|
|
|a Farhang Moaser :
|b English- Persian millennium dictionary
|c Ali Mohammad Haghshenas, Hossein Samei and Nargues Entekhabi
|
| 260 |
|
|
|a Tehran :
|b Farhang Moaser Publishers,
|c 2002.
|
| 300 |
|
|
|a xiv, 1001 p. ;
|c 25 cm.
|
| 541 |
|
|
|e 5019
|
| 650 |
|
|
|a English language
|x Dictionaries
|y Persian.
|9 17532
|
| 650 |
|
|
|a English language.
|9 17533
|
| 700 |
|
|
|a Samei, Hossein
|9 17534
|
| 700 |
|
|
|a Entekhabi, Nargues
|9 17535
|
| 942 |
|
|
|2 ddc
|c BK
|
| 999 |
|
|
|c 36669
|d 36669
|
| 952 |
|
|
|0 0
|1 0
|2 ddc
|4 0
|6 491_550000000000000_32_HAG
|7 0
|9 57678
|a SCL
|b SCL
|c GEN
|d 2016-01-23
|l 0
|o 491.5532 HAG
|p 3020005019
|r 2016-01-23
|t 1
|w 2016-01-23
|y BK
|